[Event "Wch U12"]
[Site "Batumi"]
[Date "2022.09.19"]
[Round "4"]
[White "Tan, Yi Rui Ray"]
[Black "Koehalmi Szabo, Mihaly"]
[Result "1-0"]
[WhiteElo "1884"]
[BlackElo "1683"]
[PlyCount "33"]
[EventDate "2022.09.16"]
[EventType "swiss"]
[EventRounds "11"]
[EventCountry "GEO"]
[SourceTitle "EXT 2023"]
[Source "ChessBase"]
[SourceDate "2022.10.05"]
[SourceVersion "1"]
[SourceVersionDate "2022.10.05"]
[SourceQuality "1"]

1. e4 e5 2. Nf3 Nc6 3. Bb5 Bc5 4. 0-0 d6 5. c3 Bg4 6. d4 exd4 7. cxd4 Bxf3 8. gxf3 Bb6 9. d5 a6 10. Ba4 Bc5 11. dxc6 b5 12. Bc2 Ne7 13. Nc3 Nxc6 14. Kh1 0-0 15. Be3 Bb4 16. Nd5 Ba5 17. Bf4 1-0

[Event "Wch U12"]
[Site "Batumi"]
[Date "2022.09.17"]
[Round "2"]
[White "Lebedev, Artem S"]
[Black "Koehalmi Szabo, Mihaly"]
[Result "1-0"]
[WhiteElo "1932"]
[BlackElo "1683"]
[PlyCount "49"]
[EventDate "2022.09.16"]
[EventType "swiss"]
[EventRounds "11"]
[EventCountry "GEO"]
[SourceTitle "EXT 2023"]
[Source "ChessBase"]
[SourceDate "2022.10.05"]
[SourceVersion "1"]
[SourceVersionDate "2022.10.05"]
[SourceQuality "1"]

1. e4 c5 2. Nf3 d6 3. d4 cxd4 4. Nxd4 Nf6 5. Nc3 a6 6. Be3 e5 7. Nf3 Nc6 8. Bc4 Bg4 9. h3 Bh5 10. a4 Be7 11. Nd5 Nxd5 12. Bxd5 0-0 13. c3 a5 14. g4 Bg6 15. h4 h5 16. Ng5 hxg4 17. h5 Bh7 18. Nxh7 Kxh7 19. Qxg4 Qc8 20. Qg3 Bd8 21. Rg1 Bf6 22. h6 gxh6 23. Rh1 Bg7 24. Bxh6 Bxh6 25. Qg5 1-0

[Event "EU Union-ch U12 19th"]
[Site "Mureck"]
[Date "2022.08.06"]
[Round "4"]
[White "Koehalmi Szabo, Mihaly"]
[Black "Ahn, Maximilian"]
[Result "1-0"]
[WhiteElo "1709"]
[BlackElo "1513"]
[PlyCount "91"]
[EventDate "2022.08.03"]
[EventType "swiss"]
[EventRounds "9"]
[EventCountry "AUT"]
[SourceTitle "EXT 2023"]
[Source "ChessBase"]
[SourceDate "2022.10.05"]
[SourceVersion "1"]
[SourceVersionDate "2022.10.05"]
[SourceQuality "1"]

1. d4 d5 2. Bf4 Nf6 3. e3 e6 4. Nf3 c5 5. c3 a6 6. Nbd2 b5 7. a4 bxa4 8. Rxa4 Bd7 9. Ra2 c4 10. b3 cxb3 11. Qxb3 Be7 12. Qc2 a5 13. Bd3 0-0 14. 0-0 Nc6 15. Ne5 h6 16. Nxd7 Qxd7 17. h3 Bd6 18. Bxd6 Qxd6 19. Nb3 Rfc8 20. Nc5 Nd7 21. Nxd7 Nb4 22. cxb4 Rxc2 23. Bxc2 Qxd7 24. bxa5 Qc7 25. Rfa1 Rxa5 26. Rxa5 Qxc2 27. Rc5 Qb3 28. Rc7 g5 29. Raa7 Qb1+ 30. Kh2 Qf5 31. Rxf7 Qxf7 32. Rxf7 Kxf7 33. g4 Kf6 34. f4 Kg6 35. Kg2 Kf6 36. Kf3 Kg6 37. e4 Kf6 38. exd5 exd5 39. f5 h5 40. Ke3 h4 41. Kd3 Ke7 42. Kc3 Kd6 43. Kb4 Kc6 44. Ka5 Kd6 45. Kb6 Ke7 46. Kc5 1-0